Guess the Louis Tomlinson song with no hints #2 - Statistics

General Stats
  • This quiz has been taken 108 times
    102 since last reset
  • The average score is 243 of 312
Answer Stats
Answer % Correct
a
100%
I
100%
ya
96%
you
96%
You
96%
the
95%
The
95%
to
95%
And
93%
and
93%
do
88%
know
86%
me,
86%
me
86%
my
86%
my,
86%
on
86%
On
86%
your
84%
don't
82%
now
82%
what
82%
can
81%
You're
81%
for
79%
it
79%
mind
79%
When
79%
back
77%
kill
77%
Kill
77%
without
77%
I'm
75%
in
75%
body
74%
I'd
72%
life
72%
Just
70%
just
70%
want
70%
go
68%
hear
67%
hold
63%
let
63%
babe
61%
dance
60%
distraction
60%
like
60%
more
60%
name
60%
of
60%
Raise
60%
brain
58%
devil
58%
feel
58%
floor
58%
little
58%
reaction,
58%
Ah,
56%
ah,
56%
ah
56%
taste,
56%
time
56%
time,
56%
total
56%
Whispering
56%
waiting
54%
hate
53%
last
53%
nightmare
53%
pain
51%
While
49%
won't
49%
sayin',
47%
From
46%
ease
40%
kissed
40%
mission
40%
past
37%
why?
32%
living
30%
prison
26%
Kept
16%
No matching quizzes found
Score Distribution
Percent of People with Each Score
Percentile by Number Answered
Your Score History
You have not taken this quiz since the last reset